00577aas a2200169 4500001001000000003001000010005001700020008004100037022001400078040004100092041000800133245004900141300004500190520009700235650001300332773006200345768714001CO-MdFUSB20171026152626.0171026s2010 ck ||||| |||| 00| 0 spa d a2145-8197 aCO-MdFUSBbspacCO-MdFUSBdCO-MdFUSB aspa 0aColombia estrena Constituciónc/ El Tiempo aNúmero 9 (2010), página 12c: 28 cm.1 aDurante el gobierno del presidente César Gaviria, Colombia tuvo una nueva carta política14aHISTORIA0 tdk100049432gNúmero 9 (2010), página 12qPágina 12